003740000a220008500045001000027000007000024000272450145000510410013001967730079002091 aSpurling Albert, James1 aRush Miller, Robert10aGymnotus maculosus, a new species of electric fish (Chordata: Teleostei: Gymnotoidei) from Middle America, with a key to species of Gymnotus0 aInglés1 tProceedings of the biological society of Washingtonh4q662-378d1995g108